So skrátením vojenskej služby sa neráta S Imrichom Andrejčákom hovoríme o novele branného zákona

Bibliographic Details
Main Authors: Andrejčák, Imrich (Author), Greš, Ján (Author)
Format: Article
Language:Slovak
PhysicalDescription:Fotogr. 1
Subjects:

MARC

LEADER 00000nab a2200000 a 4500
001 vtls000584213
003 SK-MaSNL
005 20260303011347.0
008 160202c1996 xo 0 slo
015 |a SNBRB19rr/mm-uuuuu 
035 |a CL0584352 
040 |a SNKBUCL  |b slo  |c SNKBUCL  |e AACR2 
041 0 |a slo 
044 |a xo  |c SK 
080 |a 355.211.2:355.212.7:340.133  |2 1981 
080 |a 355.212.7  |2 1981 
080 |a 340.133  |2 1981 
100 1 |a Andrejčák, Imrich  |4 aut  |9 6758 
245 1 0 |a So skrátením vojenskej služby sa neráta  |b S Imrichom Andrejčákom hovoríme o novele branného zákona  |c Imrich Andrejčák, Ján Greš 
300 |b Fotogr. 1 
500 |a Nesprávne číslovanie. Má byť č. 114 
650 0 7 |a vojenská služba  |2 snkbucl  |9 4796 
650 0 7 |a civilná služba  |2 snkbucl  |9 4816 
655 7 |a články z novín a časopisov  |2 snkbucl  |9 267496 
700 1 |a Greš, Ján  |4 aut  |9 269198 
773 0 |t Slovenská republika  |g Roč. 4, č. 112 (17. 5. 1996), s. 3 
850 |a Slovenská národná knižnica v Martine  |a MTA001 
852 |a SNK  |b KIS3GCP 
958 |a RK 
958 |a SK 
992 |a RBX 
999 |c 1591708  |d 1593638